[Event "BUL-ch"]
[Site "?"]
[Date "1991.??.??"]
[Round "3"]
[White "Topalov, Veselin"]
[Black "Kurtenkov, Atanas"]
[Result "1/2-1/2"]
[WhiteElo "2455"]
[BlackElo "2365"]

1.d4 Nf6 2.Nf3 e6 3.c4 Bb4+ 4.Nbd2 d5 5.Qa4+ Nc6 6.e3 O-O 7.a3 Bxd2+ 8.Bxd2 Ne4
9.Qc2 Nxd2 10.Qxd2 Qd6 11.cxd5 exd5 12.Be2 Bg4 13.O-O a5 14.Rac1 Ne7 15.Rc3 c6
16.Rfc1 Bxf3 17.Bxf3 f5 18.Rc5 b6 19.R5c3 Kh8 20.Qc2 Rf6 21.Be2 a4 22.Bd3 b5
23.f4 g6 24.h3 Re6 25.Qf2 Qd8 26.Qf3 Qf8 27.R3c2 Re8 28.Bf1 Qf6 29.Rc3 Rb8
30.R1c2 Nc8  1/2-1/2

[Event "BUL-ch"]
[Site "?"]
[Date "1991.??.??"]
[Round "4"]
[White "Banchev, Borislav"]
[Black "Pantev, Veselin"]
[Result "1/2-1/2"]
[WhiteElo "2245"]
[BlackElo "2265"]

1.d4 Nf6 2.Nf3 e6 3.c4 Bb4+ 4.Nbd2 b6 5.g3 Bb7 6.Bg2 O-O 7.O-O Re8 8.Qc2 d6
9.e4 e5 10.d5 c6 11.Nh4 b5 12.a3 Bc5 13.Nb3 Bb6 14.cxb5 cxd5 15.exd5 a6 16.Nf5 axb5
17.Qd2 Bc8 18.Nxg7 Kxg7 19.Qh6+ Kg8 20.Bg5 Nbd7 21.Bh3 Ra4 22.Rac1 Bb7 23.Rc6 Rg4
24.Bxg4 Nxg4 25.Qh4 Ndf6 26.h3 h6 27.hxg4 hxg5 28.Qxg5+ Kf8 29.Rxb6 Qxb6
30.Qxf6 Bxd5 31.Rd1 Bxb3 32.Rxd6 Qc5  1/2-1/2

[Event "ITA-ch"]
[Site "Chianciano Terme"]
[Date "1991.??.??"]
[Round "?"]
[White "Passerotti, Pierluigi"]
[Black "Vezzosi, Paolo"]
[Result "1/2-1/2"]
[WhiteElo "2330"]
[BlackElo "2325"]

1.d4 Nf6 2.c4 e6 3.Nf3 Bb4+ 4.Nbd2 b6 5.a3 Bxd2+ 6.Bxd2 Bb7 7.Bg5 d6 8.e3 Nbd7
9.Qc2 h6 10.Bh4 O-O 11.Nd2 c5 12.f3 cxd4 13.exd4 d5 14.Be2 dxc4 15.Nxc4 Rc8
16.Qa4 Bc6 17.Qa6 Rc7 18.Ne3 Qa8 19.O-O Nd5 20.Nxd5 Bxd5 21.Qa4 Bc6 22.Qd1 Re8
23.Rc1 Nf8 24.Ba6 Rd7 25.Qc2 Bb7 26.Bb5 Rc8 27.Qa4 Rdc7 28.Rxc7 Rxc7 29.Bg3 Rc8
30.Qd1 a6 31.Bd3 Bd5 32.Re1 b5 33.Bb1 Qc6 34.Qd2 Qc4 35.Bf4 Qa4 36.Be3 Qb3
37.Rc1 Rxc1+ 38.Qxc1 f5 39.Kf2 b4 40.Qc2 bxa3 41.Qxb3 Bxb3 42.bxa3 Bc4 43.g4 fxg4
44.fxg4 Kf7 45.g5 hxg5 46.Bxg5 Nd7 47.Bd8 Ke8 48.Bh4 Kf7 49.Kf3 Nb6 50.Kf4 Bb3
51.Be1 Kf6 52.Bd3 g5+ 53.Kg4 Bc4 54.Be4 Be2+ 55.Kg3 Nd5 56.Ba5 Kg7 57.Bd8 Kh6
58.Kf2 Bb5 59.Kf3 Kh5 60.Bc2 Bc6 61.Bb3 Nf4+ 62.Ke3 Kg4 63.Bd1+ Kf5 64.Bc2+  1/2-1/2

[Event "Copenhagen op"]
[Site "Copenhagen"]
[Date "1991.??.??"]
[Round "4"]
[White "Piskov, Yury"]
[Black "Holst, Allan"]
[Result "1-0"]
[WhiteElo "2440"]
[BlackElo "2300"]

1.d4 Nf6 2.c4 e6 3.Nf3 Bb4+ 4.Nbd2 b6 5.e3 Bb7 6.Bd3 O-O 7.O-O d5 8.a3 Be7
9.b4 Ne4 10.Qc2 f5 11.cxd5 exd5 12.Ne5 Bd6 13.f3 Nxd2 14.Bxd2 Qf6 15.f4 g6
16.g4 Bc8 17.Qa2 Be6 18.gxf5 gxf5 19.Rf3 Kh8 20.Rg3 Qe7 21.Kh1 Nd7 22.Rag1 Rg8
23.Be1 Nf6 24.Rxg8+ Rxg8 25.Rxg8+ Nxg8 26.Qc2 Qf8 27.Nc6 Bd7 28.Ne5 Be6 29.Bh4 Qh6
30.Qf2 Qg7 31.Bg5 c5 32.Nc6 Bd7 33.b5 c4 34.Bc2 Bxa3 35.Qh4 a6 36.Ne5 axb5
37.Qh5 h6 38.Bd8 Be6 39.Bxf5 Nf6 40.Ng6+ Kh7 41.Nf8+ Kg8 42.Bxf6 Bf7 43.Qh4  1-0

[Event "Cordoba op"]
[Site "Cordoba"]
[Date "1991.??.??"]
[Round "?"]
[White "Yewdokimov, Oleg"]
[Black "Urday, Henry"]
[Result "1/2-1/2"]
[WhiteElo "2375"]
[BlackElo "2480"]

1.d4 Nf6 2.c4 e6 3.Nf3 Bb4+ 4.Nbd2 b6 5.a3 Bxd2+ 6.Bxd2 Bb7 7.Bg5 h6 8.Bh4 d6
9.e3 Nbd7 10.Qc2 Qe7 11.Rd1 a5 12.h3 O-O 13.Be2 Rfe8 14.O-O a4 15.Nd2 e5
16.Nb1 exd4 17.Rxd4 Be4 18.Qd1 Bxb1 19.Bxf6 Nxf6 20.Qxb1 Ra5 21.Bf3 Qd7 22.Qc2 Rc5
23.Qd3 Rb8 24.Bd1 b5 25.Bc2 Qe6 26.cxb5 Rcxb5 27.Bxa4 Rxb2 28.Rc1 R8b7 29.Bd1 g6
30.a4 Qa2 31.Bc2 Nd7 32.Rh4 h5 33.Re4 Rb8 34.Re7 Ne5 35.Qc3 c5 36.f4 Nc6
37.Rc7 Nb4 38.Be4 d5 39.Bxd5 Qxd5 40.Rc8+ Rxc8 41.Qxb2 Qe4 42.Qa3 Ra8  1/2-1/2

[Event "Espoo op"]
[Site "Espoo"]
[Date "1991.??.??"]
[Round "9"]
[White "Crouch, Colin S"]
[Black "Karner, Hillar"]
[Result "0-1"]
[WhiteElo "2315"]
[BlackElo "2350"]

1.d4 Nf6 2.c4 e6 3.Nf3 Bb4+ 4.Nbd2 Ne4 5.a3 Nxd2 6.Bxd2 Bxd2+ 7.Qxd2 d6 8.g3 Qe7
9.Bg2 O-O 10.O-O e5 11.Rac1 Nd7 12.b4 e4 13.Ne1 Nf6 14.Nc2 c6 15.f4 exf3
16.exf3 d5 17.c5 a5 18.Rfe1 Qd8 19.Bf1 Bd7 20.bxa5 Rxa5 21.Rb1 Bc8 22.Bd3 g6
23.Qf4 Ra8 24.Rb3 Nh5 25.Qe5 Ng7 26.Qe7 Qxe7 27.Rxe7 Ne6 28.Kf2 Kg7 29.Ke3 Kf6
30.Rexb7 Bxb7 31.Rxb7 Rfe8 32.Kd2 Rab8 33.Rxb8 Rxb8 34.Kc3 Ra8 35.Kb3 Ke7
36.f4 Kd7 37.Kc3 Nc7 38.Kb3 Ne8 39.a4 Nf6 40.Ne3 Kc7 41.h3 Re8 42.Nf1 Nh5
43.Kc2 Re1 44.a5 Ra1 45.Be2 Ra2+ 46.Kd1 Nf6  0-1

[Event "FRA-chT"]
[Site "FRA"]
[Date "1991.??.??"]
[Round "?"]
[White "Ftacnik, Lubomir"]
[Black "Kosten, Anthony C"]
[Result "1/2-1/2"]
[WhiteElo "2590"]
[BlackElo "2515"]

1.d4 Nf6 2.Nf3 e6 3.c4 Bb4+ 4.Nbd2 d5 5.Qa4+ Nc6 6.a3 Bxd2+ 7.Bxd2 Ne4 8.Rd1 O-O
9.e3 Ne7 10.Bd3 b6 11.O-O Bb7 12.Qc2 Ng6 13.Ne1 a5 14.b3 Qe7 15.Bc1 c5 16.f3 Nf6
17.dxc5 bxc5 18.a4 Rfd8 19.Ba3 dxc4 20.Bxc4 Rxd1 21.Qxd1 Nd5 22.Qc1 Ne5 23.Bxd5 Bxd5
24.Qc3 f6 25.e4 Bb7 26.Rf2 Rd8 27.Rd2 Rxd2 28.Qxd2 Qc7 29.Bb2 Nc6 30.Nc2 Nb4
31.Nxb4  1/2-1/2

[Event "FRA-chT"]
[Site "FRA"]
[Date "1991.??.??"]
[Round "?"]
[White "Castets, P."]
[Black "Bersoult, Francois"]
[Result "1/2-1/2"]
[WhiteElo "2290"]
[BlackElo "2220"]

1.d4 Nf6 2.c4 e6 3.Nf3 Bb4+ 4.Nbd2 O-O 5.e3 Re8 6.Qc2 d5 7.Bd3 Nbd7 8.O-O c5
9.Ne5 cxd4 10.exd4 Qc7 11.Ndf3 dxc4 12.Bf4 Bd6 13.Bxc4 Nb6 14.b3 Nbd5 15.Bg5 b5
16.Bd3 Qxc2 17.Bxc2 Bb7 18.Bd3 a6 19.a4 Nb4 20.Bb1 Bd5 21.Nd2 Bxe5 22.dxe5 Nd7
23.Re1 Nc5 24.Re3 h6  1/2-1/2

[Event "BL2-W9091"]
[Site "Germany"]
[Date "1991.??.??"]
[Round "?"]
[White "Zlatilov, Ivailo"]
[Black "Schoenthier, Frank"]
[Result "1/2-1/2"]
[WhiteElo "2365"]
[BlackElo "2340"]

1.d4 Nf6 2.Nf3 e6 3.c4 Bb4+ 4.Nbd2 d5 5.a3 Bxd2+ 6.Bxd2 O-O 7.Rc1 Ne4 8.g3 Nc6
9.Bg2 Nd6 10.b3 a5 11.O-O a4 12.cxd5 exd5 13.bxa4 Re8 14.Rc5 Ne4 15.Rc2 Bf5
16.Bf4 g5 17.Bc1 f6  1/2-1/2

[Event "BL2-N9091"]
[Site "Germany"]
[Date "1991.??.??"]
[Round "?"]
[White "Dankert, Peter"]
[Black "Cladouras, Panagiotis"]
[Result "1/2-1/2"]
[WhiteElo "2235"]
[BlackElo "2355"]

1.d4 Nf6 2.Nf3 e6 3.c4 Bb4+ 4.Nbd2 b6 5.a3 Bxd2+ 6.Bxd2 Bb7 7.Bg5 h6 8.Bh4 d6
9.e3 Nbd7 10.Be2 Qe7 11.Bg3 O-O 12.O-O Ne4 13.Nd2 Ndf6 14.Nxe4 Nxe4 15.Qa4 f5
16.Bf3 g5 17.Bxe4 fxe4 18.c5 Bd5 19.Rac1 bxc5 20.dxc5 Rfb8 21.b4 a5 22.cxd6 cxd6
23.bxa5 Qd8 24.a6 Rb6 25.a7 Qe7 26.h3 Kh7 27.f4 Qxa7 28.Qxa7+ Rxa7 29.fxg5 hxg5
30.Rc3 Rba6 31.Ra1 Kg7 32.h4 gxh4 33.Bxh4 Rc6 34.Rxc6 Bxc6 35.Bg3 e5 36.Rd1 d5
37.Bxe5+ Kf7 38.Ra1 Ke6 39.Bd4 Ra8 40.Rc1 Bb5 41.Rc3 Bc4 42.Bc5 Rc8 43.Bd4 Ra8
44.Kh2 Kf5 45.Kh3 Kg5 46.Bc5 Rh8+ 47.Kg3 Rg8 48.Rc2 Kf5+ 49.Kh2 Rh8+ 50.Kg1 Rc8
51.Rf2+ Kg6  1/2-1/2

[Event "BL2-N9091"]
[Site "Germany"]
[Date "1991.??.??"]
[Round "?"]
[White "Herrmann, M."]
[Black "Bartelborth, Thomas"]
[Result "1-0"]
[WhiteElo "2265"]
[BlackElo "2225"]

1.Nf3 Nf6 2.c4 e6 3.d4 Bb4+ 4.Nbd2 d5 5.a3 Be7 6.g3 O-O 7.Qc2 b6 8.Bg2 Bb7
9.cxd5 exd5 10.Ne5 c5 11.dxc5 bxc5 12.O-O Re8 13.b3 Bd6 14.Nd3 Nbd7 15.Nf3 Rc8
16.Bf4 Bf8 17.Nde5 Nb6 18.Bh3 Rc7 19.a4 a5 20.Qd2 Rce7 21.Qxa5 h6 22.Nd3 Rxe2
23.Nxc5 Ba8 24.Nd4 Ne4 25.Na6 Nxf2 26.Rxf2 Rxf2 27.Kxf2 Qf6 28.Qd2 Re4 29.Rd1 g5
30.Bg2 Re7 31.Bf3 gxf4 32.Qxf4 Qxf4 33.gxf4 Ra7 34.Nb8 Bc5 35.Kg3 f6 36.Nbc6 Rg7+
37.Kh3 Bb7 38.Ne6 Bxc6 39.Nxg7 Kxg7 40.Rc1 Bd7+ 41.Kg2 Bd6 42.a5 Nc8 43.a6 Bxf4
44.Rc5 d4 45.Rxc8 Bxc8 46.a7 d3 47.a8=Q Bf5 48.Qd5  1-0

[Event "BL2-W9091"]
[Site "Germany"]
[Date "1991.??.??"]
[Round "?"]
[White "Kamp, Christoph"]
[Black "Tamm, Ulrich"]
[Result "1/2-1/2"]
[WhiteElo "2240"]
[BlackElo "2310"]

1.d4 Nf6 2.Nf3 e6 3.c4 Bb4+ 4.Nbd2 b6 5.a3 Bxd2+ 6.Bxd2 Bb7 7.g3 O-O 8.Bg2 d6
9.O-O Nbd7 10.Ne1 Bxg2 11.Nxg2 Ne4 12.Be1 f5 13.f3 Nef6 14.Nf4 Qe7 15.d5 e5
16.Ne6 Rfc8 17.Qd3 g6 18.e4 fxe4 19.fxe4 Nf8 20.Nxf8 Rxf8 21.Bd2 Qg7 22.b4 Nd7  1/2-1/2

[Event "ISL-ch playoff"]
[Site "Grundarfjordur"]
[Date "1991.??.??"]
[Round "4"]
[White "Olafsson, Helgi"]
[Black "Petursson, Margeir"]
[Result "1/2-1/2"]
[WhiteElo "2595"]
[BlackElo "2515"]

1.d4 Nf6 2.c4 e6 3.Nf3 Bb4+ 4.Nbd2 b6 5.a3 Bxd2+ 6.Bxd2 Bb7 7.Bg5 d6 8.e3 Nbd7
9.Bd3 h6 10.Bh4 g5 11.Bg3 h5 12.h3 Rg8 13.Qe2 Qe7 14.e4 h4 15.Bh2 Nh5 16.e5 Nf4
17.Bxf4 gxf4 18.Be4 O-O-O 19.Bxb7+ Kxb7 20.Qe4+ Kb8 21.O-O f5 22.Qxf4 Qg7
23.Qh2 dxe5 24.dxe5 Nc5 25.Rad1 Nd3 26.Rd2 Rd7 27.Rfd1 Rgd8 28.Nxh4 Nxf2
29.Rxd7 Rxd7 30.Rxd7 Qxd7 31.Kxf2 Qd4+ 32.Kf3 Qe4+ 33.Kf2 Qxh4+ 34.Qg3 Qd4+
35.Qe3 Qxb2+ 36.Kg3 Qc2 37.Qd4 Qc1 38.Kh4 Qxa3 39.Qd7 f4 40.Qe8+ Kb7 41.Qxe6 Qg3+
42.Kh5 Qxg2 43.h4 a5 44.c5 b5 45.Qd7 Qe2+ 46.Kg6 f3 47.Qd5+ Ka7 48.Qc6 Kb8
49.e6 f2 50.e7 Qg4+ 51.Kh6 Qxh4+ 52.Kg6 Qg3+ 53.Kh7 Qh2+ 54.Kg6 Qg3+ 55.Kh7 Qh3+
56.Kg7 Qc3+ 57.Kg8 Qc4+ 58.Kg7 Qd4+ 59.Kh7 Qd3+ 60.Kg7 Qg3+  1/2-1/2

[Event "Helsingborg-A"]
[Site "Helsingborg"]
[Date "1991.??.??"]
[Round "?"]
[White "Eriksson, Anders"]
[Black "Clementsson, Jan"]
[Result "1-0"]
[WhiteElo "2270"]
[BlackElo "2200"]

1.d4 e6 2.c4 Nf6 3.Nf3 Bb4+ 4.Nbd2 b6 5.a3 Bxd2+ 6.Bxd2 Bb7 7.Bg5 d6 8.e3 Nbd7
9.Bh4 Qc8 10.Bd3 Be4 11.Be2 O-O 12.O-O Qb7 13.Ne1 d5 14.f3 Bg6 15.cxd5 Nxd5
16.Qd2 f5 17.b4 c5 18.bxc5 bxc5 19.Nc2 cxd4 20.Nxd4 e5 21.Nb5 N7f6 22.Nd6 Qc7
23.Nc4 Rfd8 24.Qb2 e4 25.f4 Rab8 26.Qe5 Qc6 27.Rfc1 Rdc8 28.h3 Nb6 29.Kh2 Nfd7
30.Qd6 Bf7 31.Qxc6 Rxc6 32.Na5 Rxc1 33.Rxc1 Rc8 34.Rxc8+ Nxc8 35.g4 g6 36.Nc6 Nc5
37.Bf6 Nb3 38.gxf5 gxf5 39.Ba6 Nb6 40.Ne7+ Kf8 41.Nxf5 Nd5 42.Bg7+ Kg8 43.Be5 Nd2
44.Kg3 Nf3 45.Kf2 Nxe5 46.fxe5 Be6 47.Nd4 Kf7 48.Bc4 Ke7 49.Bxd5 Bxd5 50.Kg3 Kd7
51.Kf4 Kc7 52.e6 Kd6 53.Kf5 Ke7 54.Ke5 Bc4 55.Nf5+  1-0

[Event "Helsinki op"]
[Site "Helsinki"]
[Date "1991.??.??"]
[Round "?"]
[White "Kanko, Ilkka"]
[Black "Raaste, Eero J"]
[Result "0-1"]
[WhiteElo "2310"]
[BlackElo "2370"]

1.d4 Nf6 2.c4 e6 3.Nf3 Bb4+ 4.Nbd2 d5 5.Qa4+ Nc6 6.e3 O-O 7.a3 Bxd2+ 8.Bxd2 Ne4
9.Qc2 a5 10.Be2 Nxd2 11.Nxd2 Bd7 12.O-O a4 13.Rac1 Qe7 14.Bf3 Ra5 15.Qc3 Rc8
16.e4 dxe4 17.Nxe4 b6 18.Rfe1 Qd8 19.Ng3 Ne7 20.Rcd1 Qf8 21.Qb4 Nc6 22.Qd2 Ne7
23.Qe3 Ng6 24.d5 Rc5 25.Bg4 Re8 26.Qd3 f5 27.Bf3 e5 28.Qc3 b5 29.Be2 bxc4
30.Bh5 e4 31.Rd4 Qf6 32.Rxc4 Qxc3 33.Rxc3 Rxc3 34.bxc3 Rb8 35.Bxg6 hxg6 36.f3 e3
37.f4 Rb3 38.Rxe3 Kf7 39.Ne2 Rxa3 40.Nd4 Ra1+ 41.Kf2 Rc1 42.Nf3 a3 43.Ne5+ Kg8
44.Nxd7 a2 45.Re8+ Kf7 46.Ra8 a1=Q 47.Ne5+ Ke7 48.Rxa1 Rxa1 49.Nxg6+ Kd6
50.Nh4 Kxd5 51.Nxf5 Rc1 52.Nxg7 Rc2+ 53.Kf3 Rxc3+ 54.Kg4 c5 55.h4 c4 56.h5 Ra3
57.h6 c3 58.Nf5 Ke4 59.Nd6+ Kd3 60.Nb5 c2  0-1

[Event "HUN-chT"]
[Site "HUN"]
[Date "1991.??.??"]
[Round "?"]
[White "Danner, Georg"]
[Black "Schneider, Attila"]
[Result "1/2-1/2"]
[WhiteElo "2360"]
[BlackElo "2385"]

1.d4 Nf6 2.c4 e6 3.Nf3 Bb4+ 4.Nbd2 b6 5.e3 Bb7 6.Bd3 c5 7.a3 Bxd2+ 8.Bxd2 cxd4
9.exd4 O-O 10.O-O Bxf3 11.Qxf3 Nc6 12.Be3 d5 13.Rac1 dxc4 14.Rxc4 Ne7 15.Rfc1 Qd5  1/2-1/2

[Event "JUG-ch"]
[Site "Kladovo"]
[Date "1991.??.??"]
[Round "5"]
[White "Petronic, Jovan"]
[Black "Brkljaca, Ante"]
[Result "1/2-1/2"]
[WhiteElo "2355"]
[BlackElo "2420"]

1.d4 Nf6 2.c4 e6 3.Nf3 Bb4+ 4.Nbd2 b6 5.e3 O-O 6.a3 Bxd2+ 7.Qxd2 Bb7 8.Be2 d6
9.O-O Ne4 10.Qc2 f5 11.b4 Nd7 12.Bb2 c5 13.Rac1 cxb4 14.axb4 a5 15.bxa5 Rxa5
16.Ra1 Rxa1 17.Rxa1 Qc7 18.Ne1 Rc8 19.Rc1 Qd8 20.f3 Nef6 21.Qb3 Qc7 22.Nd3 Kf7
23.Ba3 Ba6 24.Nb4 Bb7 25.Na2 Qb8 26.Rb1 g5 27.Qb4 Ne8 28.Nc3 h5 29.Na4 Ba6
30.Bf1 g4 31.Rb2 Qc7 32.Rc2 Qd8 33.f4 h4 34.Nc3 Ndf6 35.Na4 Nd7 36.Rb2 Qe7
37.Qe1 Qd8 38.Rb4 d5 39.cxd5 Bxf1 40.Kxf1 exd5 41.Qb1 Qf6 42.Nxb6 Nxb6 43.Rxb6 Rc6
44.Rb8 Rc7 45.Qb4 Qa6+ 46.Ke1 Nf6 47.Rb6 Qc8 48.Qd6  1/2-1/2

[Event "JUG-ch"]
[Site "Kladovo"]
[Date "1991.??.??"]
[Round "7"]
[White "Ristic, Nebojsa"]
[Black "Nikolic, Boban"]
[Result "1-0"]
[WhiteElo "2410"]
[BlackElo "2285"]

1.d4 Nf6 2.c4 e6 3.Nf3 Bb4+ 4.Nbd2 O-O 5.a3 Be7 6.e4 d5 7.e5 Nfd7 8.cxd5 exd5
9.Qc2 c5 10.Bd3 h6 11.O-O Nc6 12.Re1 a5 13.dxc5 Nxc5 14.Nb3 Qb6 15.Nxc5 Bxc5
16.h3 Re8 17.Bf4 Nd4 18.Nxd4 Bxd4 19.Re2 Bd7 20.Rd1 Rac8 21.Qd2 Ba4 22.Rde1 Bb3
23.Be3 Bxe3 24.Rxe3 Rc5 25.Bb1 Qb5 26.Rg3 Rc6 27.Bf5 Re7 28.Qf4 Qc4 29.Qe3 a4
30.Rg4 Qc5 31.Qg3 g6 32.e6 d4 33.exf7+ Bxf7 34.Rxe7 Qxe7 35.Bxg6 Bxg6 36.Rxg6+ Kh7
37.Rxc6 bxc6 38.Qd3+ Kg8 39.Qxd4 c5 40.Qe3 Qd6 41.Qe8+  1-0

[Event "JUG-ch"]
[Site "Kladovo"]
[Date "1991.??.??"]
[Round "12"]
[White "Dumpor, Atif"]
[Black "Maksimovic, Branimir"]
[Result "1/2-1/2"]
[WhiteElo "2295"]
[BlackElo "2380"]

1.d4 e6 2.c4 Nf6 3.Nf3 Bb4+ 4.Nbd2 b6 5.e3 Bb7 6.Bd3 Ne4 7.O-O f5 8.d5 Nxd2
9.Bxd2 Bxd2 10.Nxd2 O-O 11.e4 Qf6 12.Rb1 f4 13.Re1 e5 14.b4 a5 15.a3 axb4
16.axb4 Na6 17.c5 bxc5 18.Bxa6 Bxa6 19.bxc5 Qe7 20.Nf3 d6 21.cxd6 cxd6 22.Rb6 Bc8
23.Qb3 Bg4 24.h3 Bxf3 25.Qxf3 h6 26.Reb1 Kh7 27.Qg4 Rf6 28.Rb7 Qf8 29.Rd7 Rd8
30.Rc7 Rg6 31.Qf5 Qxf5 32.exf5 Rf6 33.Rbb7 Rg8 34.Rf7 Rxf7 35.Rxf7 Rd8 36.Kf1 h5
37.Ke2 Kh6 38.h4 Ra8 39.Rd7 Ra2+ 40.Kd3 Rxf2 41.Rxd6+ Kh7 42.Rg6 Ra2 43.Re6 Rxg2
44.Rxe5 f3 45.Re1 Kg8 46.d6 f2 47.Rf1 Kf7 48.Ke3 Rg3+ 49.Ke4 Rg4+ 50.Kd5 Rxh4
51.Rxf2 Rh1 52.Rd2 Kf6 53.d7 Ke7 54.Ke5 Kd8 55.Ke6 h4 56.Rd4 h3 57.Rh4 Re1+
58.Kf7 Rh1 59.Kxg7 h2 60.Kf7 Kxd7 61.f6 Kd6 62.Rh5 Kc6 63.Rh6 Kd5 64.Rh8 Kd6
65.Rd8+ Ke5 66.Rd2 Kf4 67.Kf8 Kg3 68.f7 Rc1  1/2-1/2

[Event "ESP-ch"]
[Site "Lleida"]
[Date "1991.??.??"]
[Round "4"]
[White "Gaya Yodra, Juan"]
[Black "Bejar, J."]
[Result "1-0"]
[WhiteElo "2200"]
[BlackElo "2200"]

1.Nf3 Nf6 2.c4 e6 3.d4 Bb4+ 4.Nbd2 c5 5.a3 Bxd2+ 6.Bxd2 cxd4 7.Nxd4 O-O 8.Bb4 Re8
9.Nb5 Ne4 10.Qc2 a6 11.Qxe4 axb5 12.cxb5 d5 13.Qe5 Nd7 14.Qd6 Qf6 15.Bc3 Qf5
16.e3 Nf6 17.Qe5 Qxe5 18.Bxe5 Nd7 19.Bc7 b6 20.Be2 Bb7 21.O-O Rec8 22.Rfc1 Nc5
23.Bxb6 Nb3 24.Rxc8+ Rxc8 25.Re1 Nc1 26.Bf1 e5 27.a4  1-0

[Event "Lombardia op"]
[Site "Lombardia"]
[Date "1991.??.??"]
[Round "?"]
[White "Contini, Luca"]
[Black "Contin, Daniel"]
[Result "0-1"]
[WhiteElo "2330"]
[BlackElo "2340"]

1.d4 Nf6 2.c4 e6 3.Nf3 Bb4+ 4.Nbd2 b6 5.a3 Bxd2+ 6.Bxd2 Bb7 7.Bg5 d6 8.e3 Nbd7
9.Be2 h6 10.Bh4 g5 11.Bg3 Ne4 12.Nd2 Nxd2 13.Qxd2 Bxg2 14.Rg1 Bb7 15.O-O-O Qe7
16.Kb1 O-O-O 17.c5 dxc5 18.Qc2 h5 19.h4 gxh4 20.Bf4 f6 21.b4 e5 22.dxe5 Nxe5
23.Rxd8+ Rxd8 24.bxc5 Qxc5 25.Qxc5 bxc5 26.Rg7 Be4+ 27.Kc1 Kb7 28.f3 Bd3
29.Bd1 c4 30.e4 c3 31.Rh7 Bxe4  0-1

[Event "Wch U20"]
[Site "Mamaia"]
[Date "1991.??.??"]
[Round "?"]
[White "Garcia Ilundain, David"]
[Black "Ulibin, Mikhail"]
[Result "0-1"]
[WhiteElo "2370"]
[BlackElo "2565"]

1.d4 e6 2.c4 Nf6 3.Nf3 Bb4+ 4.Nbd2 b6 5.a3 Bxd2+ 6.Bxd2 Bb7 7.Bg5 h6 8.Bh4 d6
9.e3 Nbd7 10.Bd3 g5 11.Bg3 h5 12.h3 Rg8 13.Qe2 Qe7 14.e4 h4 15.Bh2 Nh5 16.g4 hxg3
17.fxg3 g4 18.hxg4 Rxg4 19.O-O-O O-O-O 20.Rhg1 Rdg8 21.Rdf1 Nxg3 22.Bxg3 Rxg3
23.Rxg3 Rxg3 24.Qh2 Rg8 25.Qf4 e5 26.dxe5 dxe5 27.Qf5 Kb8 28.Bc2 f6 29.Nh4 Ba6
30.Rd1 Nc5 31.b4 Ne6 32.Qf1 Nd4 33.Nf5 Nxf5 34.Qxf5 Bxc4 35.Rd7 Qe6 36.Qh7 Qc6
37.Kb2 Rg2 38.Rd8+ Kb7 39.Qh3 Rxc2+ 40.Kxc2 Be6+ 41.Qc3 Qxe4+ 42.Kb2 f5 43.Re8 Qd5
44.Re7 Qd6 45.Rh7 f4 46.b5 e4 47.Rh6 f3 48.Qc6+ Qxc6 49.bxc6+ Kxc6 50.Rxe6+ Kd5
51.Rf6 Kd4 52.Kc2 Ke3 53.Kd1 f2  0-1

[Event "AUS-ch"]
[Site "Melbourne"]
[Date "1991.??.??"]
[Round "2"]
[White "Fuller, Maxwell L"]
[Black "Johansen, Darryl K"]
[Result "0-1"]
[WhiteElo "2335"]
[BlackElo "2465"]

1.d4 Nf6 2.c4 e6 3.Nf3 Bb4+ 4.Nbd2 b6 5.e3 Bb7 6.Bd3 c5 7.O-O cxd4 8.exd4 Be7
9.b3 O-O 10.Bb2 Nc6 11.Re1 Rc8 12.Qe2 Nb4 13.Bb1 d5 14.Ne5 dxc4 15.bxc4 b5
16.a3 bxc4 17.Ndxc4 Nbd5 18.Qd2 Nb6 19.Nxb6 axb6 20.Bd3 Qd5 21.f3 Qb3 22.Re3 Qd5
23.Ree1 Qd8 24.Bb5 Bd6 25.Qe2 Nd5 26.Rac1 Qe7 27.Nc4 Bf4 28.Rcd1 Bc6 29.Bxc6 Rxc6
30.Ne5 Rc7 31.Nd3 Bd6 32.a4 Ra8 33.Ra1 Qd7 34.Ne5 Qc8 35.Ba3 Bxe5 36.dxe5 Rxa4
37.Bd6 Rcc4 38.Rxa4 Rxa4 39.h3 h5 40.Qb5 Ra2 41.Re2 Nc3  0-1

[Event "POL-chT"]
[Site "Mikolajki"]
[Date "1991.??.??"]
[Round "8"]
[White "Lewandowska, Katarzyna"]
[Black "Domarkaite, Laima"]
[Result "1/2-1/2"]
[WhiteElo "2125"]
[BlackElo "2055"]

1.d4 Nf6 2.Nf3 e6 3.c4 Bb4+ 4.Nbd2 c5 5.g3 cxd4 6.Nxd4 Qb6 7.a3 Bxd2+ 8.Qxd2 O-O
9.Bg2 Nc6 10.Nxc6 bxc6 11.Qb4 d5 12.Bf4 Nd7 13.Bd6 Re8 14.O-O Qa6 15.Bc7 Bb7
16.c5 Bc8 17.Rfe1 e5 18.e3 e4 19.Bf1 Qb7 20.Qxb7 Bxb7 21.b4 Ne5 22.Red1 Nf3+
23.Kg2 Re6 24.Be2 Rf6 25.h4 h6 26.Bf4 g5 27.hxg5 hxg5 28.Bd6 Kg7 29.Rh1 Rh8
30.Rxh8 Kxh8 31.Rh1+ Kg7 32.a4 a6 33.Rh5 Bc8 34.Kf1 Rg6 35.Rh1 Re6 36.Kg2 g4
37.b5 axb5 38.axb5 cxb5 39.Bxb5 d4 40.exd4 Nxd4 41.Bc4 Re8 42.Bd5 e3 43.fxe3 Rxe3
44.Rf1 Nf3 45.Kf2 Rd3 46.Be4 Rd2+ 47.Ke3 Ba6 48.Rf2 Rd1 49.Kf4 Rd4 50.Be5+ Nxe5
51.Kxe5 Rd1 52.Bd5 f6+ 53.Kd6 Bc4 54.Rf5 Kg6 55.Ke6 Re1+ 56.Kd6 Kxf5 57.Bxc4 Rd1+
58.Bd5 Rc1 59.c6 Rc3 60.c7 Rxc7 61.Kxc7  1/2-1/2

[Event "FRA-ch Acc"]
[Site "Montpellier"]
[Date "1991.??.??"]
[Round "6"]
[White "Moulain, Jean Pierre"]
[Black "Brochet, Philippe"]
[Result "1-0"]
[WhiteElo "2225"]
[BlackElo "2245"]

1.d4 Nf6 2.Nf3 e6 3.c4 Bb4+ 4.Nbd2 O-O 5.e3 b6 6.Bd3 Bb7 7.O-O c5 8.a3 Bxd2
9.Bxd2 cxd4 10.exd4 d5 11.cxd5 Bxd5 12.Ne5 Nc6 13.Be3 Rc8 14.Ba6 Rc7 15.Bf4 Nxe5
16.dxe5 Ne4 17.Qg4 Nc5 18.Be2 Bb3 19.Bg5 f6 20.exf6 Qd5 21.Bf3 Qc4 22.Qg3 Rd7
23.Bc6 Ne4 24.Bxe4  1-0

[Event "FRA-ch Acc"]
[Site "Montpellier"]
[Date "1991.??.??"]
[Round "8"]
[White "Olivier, Pierre"]
[Black "Stawiarski, Edmond"]
[Result "1/2-1/2"]
[WhiteElo "2210"]
[BlackElo "2060"]

1.d4 Nf6 2.c4 e6 3.Nf3 Bb4+ 4.Nbd2 Bxd2+ 5.Bxd2 d6 6.g3 Nc6 7.Bc3 Ne4 8.Qc2 Nxc3
9.Qxc3 O-O 10.Bg2 Qe7 11.O-O e5 12.d5 Nb8 13.e4 b6 14.b4 a5 15.a3 f5 16.exf5 Bxf5
17.Rae1 Qf6 18.Nd2 axb4 19.axb4 Nd7 20.Ra1 Rxa1 21.Rxa1 h5 22.f3 h4 23.Ra7  1/2-1/2

[Event "FRA-ch Acc"]
[Site "Montpellier"]
[Date "1991.??.??"]
[Round "8"]
[White "Monnard, Laurent"]
[Black "Bauer, Christian"]
[Result "1-0"]
[WhiteElo "2240"]
[BlackElo "2100"]

1.d4 Nf6 2.Nf3 e6 3.c4 Bb4+ 4.Nbd2 O-O 5.e3 b6 6.Bd3 Bb7 7.O-O c5 8.a3 Bxd2
9.Bxd2 d6 10.Bc3 Nbd7 11.Nd2 Qe7 12.Re1 e5 13.dxc5 dxc5 14.e4 Nb8 15.Nf1 Nc6
16.Ne3 Ne8 17.Nd5 Qd6 18.b4 Nc7 19.bxc5 bxc5 20.Rb1 Rab8 21.Re2 Ne6 22.Reb2 Ba8
23.Qa4 Rxb2 24.Rxb2 Nf4 25.Bf1 Kh8 26.Rd2 Qg6 27.Nxf4 exf4 28.f3 f5 29.e5 Nd8
30.Qxa7 Nf7 31.Qxc5 Rg8 32.Be2 Ng5 33.Rd6 Qe8 34.e6 Qb8 35.e7 Qb1+ 36.Rd1 Qc2
37.Qe5  1-0

[Event "Russian Winter op"]
[Site "Moscow"]
[Date "1991.??.??"]
[Round "?"]
[White "Gaffney, Matt"]
[Black "Ilinsky, Vladimir"]
[Result "0-1"]
[WhiteElo "2255"]
[BlackElo "2360"]

1.d4 Nf6 2.c4 e6 3.Nf3 Bb4+ 4.Nbd2 b6 5.a3 Bxd2+ 6.Bxd2 Bb7 7.g3 d6 8.Bg2 O-O
9.O-O Nbd7 10.Ne1 Bxg2 11.Nxg2 Qe7 12.Rc1 c5 13.Bg5 h6 14.Bxf6 Nxf6 15.Ne3 Rac8
16.Re1 cxd4 17.Qxd4 Rfd8 18.Qf4 Rc6 19.Rcd1 a6 20.a4 Rdc8 21.b3 Ne8 22.Nc2 Rc5
23.Nb4 Qa7 24.e4 b5 25.axb5 axb5 26.Ra1 Qb7 27.Nd3 R5c6 28.Nb2 Ra6 29.cxb5 Qxb5
30.Rxa6 Qxa6 31.Rc1 Rxc1+ 32.Qxc1 Nf6 33.Nc4 Nxe4 34.Qf4 d5 35.Ne5 Qa7 36.Kg2 Qc7
37.Nd3 Qc2 38.Ne5 Qc7 39.Nd3 Qc2 40.Ne5 f6 41.Ng6 h5 42.h4 Kf7 43.Nh8+ Kg8
44.Ng6 Qd2 45.Qxd2 Nxd2 46.Nf4 Kf7 47.b4 g6 48.f3 Nc4 49.Kf2 Nb6 50.Ke2 e5
51.Ng2 Ke6 52.Kd3 d4 53.g4 Kd5 54.Ne1 f5 55.Nc2 e4+ 56.fxe4+ fxe4+ 57.Kd2 Nc4+
58.Ke1 d3 59.Na3 Nxa3  0-1

[Event "Munich"]
[Site "Munich"]
[Date "1991.??.??"]
[Round "13"]
[White "Hertneck, Gerald"]
[Black "Kindermann, Stefan"]
[Result "1/2-1/2"]
[WhiteElo "2535"]
[BlackElo "2515"]

1.d4 Nf6 2.Nf3 e6 3.c4 Bb4+ 4.Nbd2 O-O 5.a3 Be7 6.g3 b6 7.Bg2 Bb7 8.b3 c5
9.Bb2 Nc6 10.O-O Nxd4 11.Nxd4 Bxg2 12.Nxe6 dxe6 13.Kxg2 Qc7 14.Qc2  1/2-1/2

[Event "Nimes op"]
[Site "Nimes"]
[Date "1991.??.??"]
[Round "6"]
[White "Epishin, Vladimir"]
[Black "Pastircak, Milan"]
[Result "1-0"]
[WhiteElo "2620"]
[BlackElo "2375"]

1.d4 Nf6 2.c4 e6 3.Nf3 Bb4+ 4.Nbd2 b6 5.a3 Bxd2+ 6.Bxd2 h6 7.g3 Bb7 8.Bg2 d6
9.O-O Nbd7 10.b4 O-O 11.Bc3 Re8 12.Rc1 Rb8 13.Re1 a6 14.a4 Ne4 15.Bb2 Ndf6
16.Qc2 a5 17.b5 c6 18.bxc6 Bxc6 19.Nd2 Bxa4 20.Qxa4 Nxd2 21.Qc2 Nxc4 22.Qxc4 d5
23.Qb5 Re7 24.Ba3 Rd7 25.Rc6 Ne8 26.Rec1 Rdb7 27.e3 Nc7 28.Qa4 Ra8 29.Bf1  1-0

[Event "Palo Alto"]
[Site "Palo Alto"]
[Date "1991.??.??"]
[Round "?"]
[White "Izumikawa, Burt"]
[Black "Lobo, Richard"]
[Result "1-0"]
[WhiteElo "2295"]
[BlackElo "2295"]

1.d4 Nf6 2.Nf3 e6 3.c4 Bb4+ 4.Nbd2 d5 5.e3 O-O 6.a3 Be7 7.Qc2 Nbd7 8.c5 e5
9.c6 bxc6 10.dxe5 Ng4 11.Qxc6 Rb8 12.Qxd5 Ndxe5 13.Qxd8 Rxd8 14.h3 Nxf3+
15.Nxf3 Nf6 16.Bc4 Nd7 17.O-O Bf6 18.Rd1 Re8 19.Ra2 c5 20.Be2 Nb6 21.Bb5 Be6
22.Bxe8 Bxa2 23.Bb5 Bb3 24.Rd2 h6 25.e4 Be6 26.e5 Be7 27.Rd1 g5 28.Nh2 Kg7
29.Nf1 Bb3 30.Rd2 Nd5 31.Bc6 Nb6 32.Ng3 Bf8 33.Nh5+ Kh8 34.Rd3 Bc2 35.Rc3 Bg6
36.Nf6 Rd8 37.Be3 Rd1+ 38.Kh2 Rb1 39.Bxc5 Bxc5 40.Rxc5 Rxb2 41.Ra5 Nc4 42.Rc5 Nb6
43.Bf3 Rc2 44.Ra5 Rc7 45.Rb5 Bc2 46.Kg3 Re7 47.Bg4 Kg7 48.f4 gxf4+ 49.Kxf4 Kf8
50.Rc5 Bb3 51.Bf3 Kg7 52.Rc3 Be6 53.Be4  1-0